Cosmere Characters by Homeworld - Statistics

General Stats
  • This quiz has been taken 146 times
  • The average score is 9 of 12
Answer Stats
Hint Answer % Correct
Shallan Roshar
100%
Sixth of the Dusk First of the Sun
88%
Raoden Sel
88%
Hoid Yolen
87%
Ishar Ashyn
76%
Susebron Nalthis
76%
Painter Komashi
74%
Silence Threnody
70%
Charlie Lumar
61%
Felt Scadrial
59%
Kenton Taldain
54%
Elegy Canticle
46%
No matching quizzes found
Score Distribution
Percent of People with Each Score
Percentile by Number Answered
Your Score History
You have not taken this quiz